Liverpool FC Squad 2025/26 - Statistics

General Stats
  • This quiz has been taken 35 times
  • The average score is 20 of 26
Answer Stats
Hint Answer % Correct
RW Mohamed Salah
100%
GK Alisson Becker
96%
CB Virgil van Dijk
96%
LB Andrew Robertson
93%
LW Cody Gakpo
93%
RB Conor Bradley
93%
CB Ibrahima Konaté
93%
CF Alexander Isak
89%
RB Jeremie Frimpong
89%
CM Alexis Mac Allister
86%
AM Dominik Szoboszlai
86%
AM Florian Wirtz
82%
GK Giorgi Mamardashvili
82%
CF Hugo Ekitiké
82%
CB Joe Gomez
82%
LB Milos Kerkez
82%
DM Wataru Endo
82%
DM Ryan Gravenberch
79%
RW Federico Chiesa
68%
CM Curtis Jones
64%
CB Giovanni Leoni
61%
LW Rio Ngumoha
61%
GK Freddie Woodman
50%
DM Stefan Bajcetic
36%
CM Trey Nyoni
29%
CB Rhys Williams
25%
No matching quizzes found
Score Distribution
Percent of People with Each Score
Percentile by Number Answered
Your Score History
You have not taken this quiz